000 00565nam a2200229Ia 4500
003 OSt
005 20220924151935.0
006 a|||||r|||| 00| 0
007 ta
008 220923b |||||||| |||| 00| 0 mar d
024 _a340047
037 _cTextual
040 _aARTS
_cARTS
_bmar
041 _2mar
_amar
082 _aO155,1x, B8.3
100 _aModak
_9205890
245 0 _aKavita sangrah
260 _c1888
650 _aMARATHI LITERATURE
_938000
942 _hO155,1x, B8.3
_cTEXL
_2CC
999 _c468137
_d468137